[Event "ICS rated blitz match"]
[Site "204.178.125.65"]
[Date "1999.08.04"]
[Round "?"]
[White "Hossa"]
[Black "Ugly"]
[Result "0-1"]
[WhiteElo "2380"]
[BlackElo "2120"]
[PlyCount "70"]
[EventDate "1999.??.??"]

1. d4 d5 2. c4 dxc4 3. e4 e5 4. Nf3 exd4 5. Bxc4 Bb4+ 6. Nbd2 Nc6 7. O-O Be6 8.
Qb3 Qd6 9. Bxe6 Qxe6 10. Nxd4 Nxd4 11. Qxb4 O-O-O 12. Qc5 Kb8 13. f3 Ne2+ 14.
Kh1 b6 15. Qe3 Nd4 16. Qd3 Ne7 17. Rd1 f5 18. Qa6 fxe4 19. fxe4 Nc2 20. Rb1
Qxe4 21. Rf1 Qg6 22. b4 Nd5 23. b5 Nce3 24. Rg1 Ng4 25. h3 Nde3 26. Nf1 Nf2+
27. Kh2 Nxf1+ 28. Rxf1 Qxb1 29. Rxf2 Qxc1 30. a4 Rhf8 31. Rxf8 Rxf8 32. h4 Rf4
33. Qxb6+ cxb6 34. a5 Rxh4+ 35. Kg3 35... Qf4# {Hossa checkmated} 0-1

[Event "ICS rated blitz match"]
[Site "204.178.125.65"]
[Date "1999.08.04"]
[Round "?"]
[White "Ugly"]
[Black "Hossa"]
[Result "1-0"]
[WhiteElo "2249"]
[BlackElo "2375"]
[PlyCount "65"]
[EventDate "1999.??.??"]

1. d4 d6 2. e4 Nf6 3. Nc3 g6 4. Bc4 Nxe4 5. Nxe4 d5 6. Qe2 dxe4 7. Qxe4 Nc6 8.
Bb5 Bd7 9. d5 Nb8 10. Qd4 Rg8 11. Qb4 c6 12. Bc4 Qc7 13. Qb3 b5 14. d6 Qa5+ 15.
Bd2 bxc4 16. Qb7 Qb6 17. Qxa8 Qxb2 18. Rd1 exd6 19. Qxa7 Bf5 20. Ne2 Bxc2 21.
Bc3 Qb5 22. Nd4 Qe5+ 23. Kd2 Qg5+ 24. Kxc2 Nd7 25. Rhe1+ Ne5 26. Qb8+ Qd8 27.
Rxe5+ Kd7 28. Nxc6 Qxb8 29. Nxb8+ Kc7 30. Re8 Kb6 31. Rb1+ Ka7 32. Nc6+ Ka6 33.
Ra8# {Hossa checkmated} 1-0

[Event "ICS rated blitz match"]
[Site "204.178.125.65"]
[Date "1999.08.04"]
[Round "?"]
[White "gallati"]
[Black "Hossa"]
[Result "1/2-1/2"]
[WhiteElo "2029"]
[BlackElo "2370"]
[PlyCount "98"]
[EventDate "1999.??.??"]

1. e4 c5 2. c3 d5 3. exd5 Qxd5 4. d4 Nf6 5. Nf3 cxd4 6. cxd4 Bg4 7. Be2 Ne4 8.
O-O Nd7 9. h3 Bh5 10. Nc3 Nxc3 11. bxc3 e6 12. Be3 Qc6 13. Rb1 Qxc3 14. Rxb7
Qc8 15. Qb3 Rb8 16. Rxb8 Qxb8 17. Qa4 Qb7 18. g4 Bg6 19. Ne5 Kd8 20. Nc6+ Ke8
21. Rc1 Be4 22. Ne5 f6 23. Nxd7 Kf7 24. Nc5 Bxc5 25. Rxc5 Bh1 26. d5 Bxd5 27.
Ra5 Ra8 28. Rxa7 Rxa7 29. Qxa7 Qxa7 30. Bxa7 Bxa2 31. Bd3 h6 32. Bd4 e5 33. Bc3
Bd5 34. Kh2 g6 35. Kg3 e4 36. Bc2 f5 37. f3 exf3 38. gxf5 gxf5 39. Bxf5 h5 40.
Bc2 h4+ 41. Kf2 Be6 42. Kxf3 Bxh3 43. Be1 Be6 44. Bxh4 Bc4 45. Be4 Ke6 46. Bc2
Kf7 47. Bg3 Kf6 48. Bf4 Bd5+ 49. Be4 49... Bxe4+ {
Game drawn because neither player has mating material} 1/2-1/2

[Event "ICS rated blitz match"]
[Site "204.178.125.65"]
[Date "1999.08.04"]
[Round "?"]
[White "Hossa"]
[Black "gallati"]
[Result "1-0"]
[WhiteElo "2358"]
[BlackElo "2041"]
[PlyCount "75"]
[EventDate "1999.??.??"]

1. d4 Nf6 2. c4 g6 3. Nc3 Bg7 4. e4 O-O 5. Bg5 d6 6. f3 h6 7. Be3 c5 8. dxc5
dxc5 9. Bxc5 Nc6 10. Qxd8 Rxd8 11. Nge2 Nd7 12. Be3 Nde5 13. Nf4 Nb4 14. Rc1
Be6 15. Ncd5 Bxd5 16. cxd5 g5 17. Bd2 Nxa2 18. Ra1 gxf4 19. Rxa2 Ng6 20. g3 Be5
21. Rg1 Kh7 22. Kd1 e6 23. Bc4 Rac8 24. b3 exd5 25. Bxd5 a6 26. Bxf7 fxg3 27.
hxg3 Rc3 28. f4 Bh8 29. Ke2 Rcd3 30. Ba5 R8d7 31. Be6 R7d6 32. e5 R6d4 33. Bb6
h5 34. Bxd4 Rxd4 35. Rh1 Kh6 36. Ke3 Rb4 37. Rxh5+ Kg7 38. Rah2 {
gallati resigns} 1-0

[Event "ICS rated blitz match"]
[Site "204.178.125.65"]
[Date "1999.08.04"]
[Round "?"]
[White "Hossa"]
[Black "brutus"]
[Result "1-0"]
[WhiteElo "2366"]
[BlackElo "2082"]
[PlyCount "51"]
[EventDate "1999.??.??"]

1. d4 Nf6 2. c4 g6 3. Nc3 d5 4. cxd5 Nxd5 5. e4 Nxc3 6. bxc3 Bg7 7. Bb5+ c6 8.
Bc4 b5 9. Be2 a6 10. Nf3 c5 11. Bf4 cxd4 12. cxd4 O-O 13. O-O Bb7 14. Qd3 Nd7
15. Rac1 Nf6 16. Nd2 Rc8 17. Rxc8 Qxc8 18. f3 Qd7 19. Nb3 Rc8 20. Nc5 Qc6 21.
Rc1 Nd7 22. Nxb7 Qxb7 23. Rxc8+ Qxc8 24. Be3 Nb6 25. Kh1 Qc3 26. Qxc3 {
brutus resigns} 1-0

[Event "ICS rated blitz match"]
[Site "204.178.125.65"]
[Date "1999.08.04"]
[Round "?"]
[White "brutus"]
[Black "Hossa"]
[Result "0-1"]
[WhiteElo "2077"]
[BlackElo "2371"]
[PlyCount "66"]
[EventDate "1999.??.??"]

1. e4 c5 2. Nf3 e6 3. d4 cxd4 4. Nxd4 d5 5. exd5 Qxd5 6. Nc3 Bb4 7. Bb5+ Bd7 8.
O-O Bxc3 9. Bxd7+ Nxd7 10. bxc3 Ngf6 11. Ba3 Rc8 12. Qd3 Ne4 13. Nb5 a6 14.
Nd6+ Nxd6 15. Qxd5 exd5 16. Bxd6 Rxc3 17. Rab1 Rxc2 18. Rxb7 Kd8 19. a3 Rc6 20.
Bb4 Re8 21. Ra7 Kc8 22. g3 Re5 23. Rb1 Rh5 24. Ba5 Ne5 25. Ra8+ Kd7 26. Rb7+
Ke6 27. Re8+ Kf6 28. Bd8+ Kg6 29. f4 Rc1+ 30. Kf2 Rxh2+ 31. Ke3 Re1+ 32. Kd4
Nf3+ 33. Kc5 33... Rxe8 {brutus resigns} 0-1

[Event "ICS rated blitz match"]
[Site "204.178.125.65"]
[Date "1999.08.04"]
[Round "?"]
[White "Hossa"]
[Black "Erkel"]
[Result "1-0"]
[WhiteElo "2376"]
[BlackElo "2200"]
[PlyCount "119"]
[EventDate "1999.??.??"]

1. d4 b6 2. e4 Bb7 3. Nd2 g6 4. Bb5 Bg7 5. Ne2 a6 6. Bd3 e6 7. O-O Ne7 8. c3 d6
9. f3 Nd7 10. a4 Qc8 11. a5 Qd8 12. axb6 cxb6 13. Nc4 Qc7 14. Qc2 b5 15. Na5
O-O 16. Nxb7 Qxb7 17. Bf4 Nc8 18. Qd2 Ndb6 19. Bh6 Qe7 20. Bxg7 Kxg7 21. Ra5
Qb7 22. Rd1 Na4 23. b3 Nab6 24. Qe3 Ne7 25. f4 Rfc8 26. g3 Nd7 27. Rf1 Qb6 28.
Rfa1 Rc7 29. Rxb5 axb5 30. Rxa8 Qb7 31. Ra5 Rc6 32. Bxb5 Rc7 33. c4 Nb6 34. e5
d5 35. c5 Nd7 36. b4 Qc8 37. Bxd7 Qxd7 38. b5 Ra7 39. Rxa7 Qxa7 40. b6 Qa6 41.
Kf2 Nc6 42. Kf3 Na5 43. Qc3 Nc4 44. Qb4 Qb7 45. h4 h6 46. Qb5 f6 47. exf6+ Kxf6
48. Qe8 h5 49. Qd8+ Kf7 50. Qc7+ Qxc7 51. bxc7 Nd2+ 52. Ke3 Nc4+ 53. Kf2 Ne3
54. Kxe3 Ke7 55. c6 Kf6 56. c8=Q Ke7 57. Qd7+ Kf6 58. Qh7 Kf5 59. Qf7+ Kg4 60.
Qxe6# {Erkel checkmated} 1-0

[Event "ICS rated blitz match"]
[Site "204.178.125.65"]
[Date "1999.08.04"]
[Round "?"]
[White "SuperChicken"]
[Black "Hossa"]
[Result "1-0"]
[WhiteElo "2692"]
[BlackElo "2376"]
[PlyCount "109"]
[EventDate "1999.??.??"]

1. e4 c5 2. Nf3 e6 3. d4 cxd4 4. Nxd4 Nf6 5. Nc3 Bb4 6. Bd3 d5 7. e5 Bxc3+ 8.
bxc3 Qc7 9. Nb5 Qxe5+ 10. Qe2 Qxe2+ 11. Bxe2 Kd7 12. Bf4 Na6 13. O-O Ne4 14. c4
g5 15. Be5 f6 16. Bb2 dxc4 17. Bxc4 Ke7 18. Rfd1 Nec5 19. Rab1 e5 20. Nc3 Kf8
21. Ba3 Kg7 22. Bxa6 Nxa6 23. Be7 Nc7 24. Ne4 Ne8 25. Rd8 Kf7 26. Ba3 Kg7 27.
Rb3 Nc7 28. Rxh8 Kxh8 29. Nxf6 Ne6 30. Re3 Kg7 31. Be7 Kf7 32. Nd5 Bd7 33. c4
h6 34. Rxe5 Re8 35. Bd6 Bc6 36. h4 b6 37. Rf5+ Kg6 38. Rf6+ Kg7 39. Be5 Kh7 40.
hxg5 hxg5 41. Rf7+ Kg6 42. Rxa7 Bxd5 43. cxd5 Kf5 44. Bb2 Nf4 45. Rf7+ Kg6 46.
Rf6+ Kh5 47. d6 Nd3 48. Bd4 b5 49. d7 Rd8 50. Rd6 Nb4 51. f3 g4 52. Be3 gxf3
53. gxf3 Rh8 54. d8=Q Rxd8 55. Rh6# {Hossa checkmated} 1-0

[Event "ICS Rated blitz match"]
[Site "204.178.125.65"]
[Date "1999.08.04"]
[Round "?"]
[White "Hossa"]
[Black "mordido"]
[Result "1-0"]
[WhiteElo "2372"]
[BlackElo "2227"]
[PlyCount "73"]
[EventDate "1999.??.??"]

1. d4 d6 2. e4 Nf6 3. Nc3 g6 4. Bg5 Bg7 5. Bxf6 Bxf6 6. Nd5 Bg7 7. c3 c6 8. Ne3
O-O 9. Bc4 Qb6 10. Qb3 Nd7 11. Ne2 Qc7 12. O-O b5 13. Bd3 a6 14. a4 Bb7 15.
axb5 axb5 16. f4 Nb6 17. f5 Rxa1 18. Rxa1 d5 19. exd5 Nxd5 20. Nxd5 cxd5 21.
Rf1 Bc6 22. fxg6 hxg6 23. Qb4 Qd7 24. Nf4 e6 25. Bc2 Ra8 26. Bxg6 fxg6 27. Nxg6
Re8 28. Rf3 e5 29. dxe5 Bxe5 30. Nxe5 Rxe5 31. Qf8+ Kh7 32. Rf7+ Qxf7 33. Qxf7+
Kh6 34. Qf6+ Kh7 35. Qxe5 d4 36. cxd4 Bxg2 37. Kxg2 {mordido resigns} 1-0

[Event "ICS Rated blitz match"]
[Site "204.178.125.65"]
[Date "1999.08.04"]
[Round "?"]
[White "MiddleHead"]
[Black "Hossa"]
[Result "1/2-1/2"]
[WhiteElo "2204"]
[BlackElo "2382"]
[PlyCount "104"]
[EventDate "1999.??.??"]

1. e4 c5 2. Nf3 e6 3. d4 cxd4 4. Nxd4 d5 5. Bb5+ Bd7 6. exd5 exd5 7. O-O Bc5 8.
Re1+ Ne7 9. Bxd7+ Qxd7 10. Nb3 Bd6 11. c3 O-O 12. N1d2 Nbc6 13. Nf3 Rae8 14.
Bg5 f6 15. Bh4 Qg4 16. Bg3 Bxg3 17. hxg3 Rf7 18. Qd3 b6 19. Re2 h6 20. Rae1 Kh8
21. Nbd4 Nxd4 22. Qxd4 Qd7 23. Nh4 Kh7 24. Qd3+ Kg8 25. Ng6 a5 26. Qe3 Qf5 27.
Nxe7+ Rfxe7 28. Qxe7 Rxe7 29. Rxe7 Qc2 30. R7e2 Qd3 31. a3 d4 32. cxd4 Qxd4 33.
b4 Kh7 34. bxa5 bxa5 35. Re7 Kg6 36. Rc7 Qd3 37. f3 Qxa3 38. Ree7 Qa1+ 39. Kh2
f5 40. Re6+ Kh7 41. Rc5 a4 42. Rxf5 Kg8 43. Ra5 Kf7 44. Rea6 a3 45. Rxa3 Qe5
46. R3a5 Qe3 47. Ra7+ Kg8 48. Rb7 Qe8 49. Raa7 Qh5+ 50. Kg1 Qc5+ 51. Kh2 Qh5+
52. Kg1 52... Qc5+ {Game drawn by mutual agreement} 1/2-1/2

[Event "ICS rated blitz match"]
[Site "204.178.125.65"]
[Date "1999.08.04"]
[Round "?"]
[White "Hossa"]
[Black "mordido"]
[Result "0-1"]
[WhiteElo "2374"]
[BlackElo "2174"]
[PlyCount "99"]
[EventDate "1999.??.??"]

1. d4 Nf6 2. c4 g6 3. Nc3 Bg7 4. e4 d6 5. f3 O-O 6. Be2 e5 7. Be3 Nh5 8. Qd2
Qh4+ 9. Bf2 Qf4 10. Nb5 Na6 11. g4 Qxd2+ 12. Kxd2 Nf4 13. d5 Bd7 14. Nxa7 Rxa7
15. Bxa7 b6 16. Rf1 Ra8 17. Bxb6 cxb6 18. a3 Nc5 19. Kc2 Ba4+ 20. Kc3 f5 21. b4
Nb3 22. Rf2 Nd4 23. gxf5 gxf5 24. Bf1 fxe4 25. fxe4 Bd7 26. Ra2 b5 27. Kb2 bxc4
28. h4 Bb5 29. Kc1 Nd3+ 30. Bxd3 cxd3 31. Rh3 Bh6+ 32. Kb2 Rc8 33. Rg3+ Kf7 34.
Nh3 d2 35. Nf2 Rc2+ 36. Kb1 Rc1+ 37. Kb2 Rf1 38. Rg2 Be3 39. Ra1 Rxf2 40. Rxf2+
Bxf2 41. Rd1 Be3 42. Kc3 Ba4 43. Rxd2 Bxd2+ 44. Kxd2 Nb5 45. h5 Nxa3 46. Kc3
Kf6 47. h6 Kg5 48. Kb2 Kf6 49. Kc3 Nb5+ 50. Kd3 {Hossa resigns} 0-1

[Event "ICS rated blitz match"]
[Site "204.178.125.65"]
[Date "1999.08.04"]
[Round "?"]
[White "Hossa"]
[Black "mordido"]
[Result "0-1"]
[WhiteElo "2359"]
[BlackElo "2189"]
[PlyCount "87"]
[EventDate "1999.??.??"]

1. d4 Nf6 2. c4 g6 3. Nc3 Bg7 4. e4 d6 5. f3 O-O 6. Be3 e5 7. Nge2 Nh5 8. g4
Nf6 9. d5 c6 10. Qd2 cxd5 11. cxd5 a6 12. O-O-O b5 13. a3 Nbd7 14. Bh6 Nc5 15.
Kc2 Bd7 16. Bxg7 Kxg7 17. b4 Na4 18. Nxa4 bxa4 19. Nc3 Qb6 20. Kb1 Rfc8 21. Rc1
a5 22. g5 Nh5 23. b5 Nf4 24. Nxa4 Rxc1+ 25. Kxc1 Qc7+ 26. Kd1 Rb8 27. Nc3 a4
28. Nxa4 Bxb5 29. Bxb5 Rxb5 30. Qa2 Qa7 31. Nc3 Ra5 32. Nb1 Qe3 33. Rf1 Rc5 34.
Qd2 Qb3+ 35. Ke1 Qxb1+ 36. Kf2 Qb3 37. Kg3 Rc2 38. Qf2 Rxf2 39. Rxf2 Qxa3 40.
Rf1 Qb2 41. Rg1 Ne2+ 42. Kf2 Nxg1+ 43. Kxg1 Qc1+ 44. Kg2 {Hossa resigns} 0-1

[Event "ICS rated blitz match"]
[Site "204.178.125.65"]
[Date "1999.08.04"]
[Round "?"]
[White "mordido"]
[Black "Hossa"]
[Result "1/2-1/2"]
[WhiteElo "2191"]
[BlackElo "2357"]
[PlyCount "136"]
[EventDate "1999.??.??"]

1. d4 d5 2. c4 Nc6 3. Nf3 Bg4 4. e3 e6 5. cxd5 Bb4+ 6. Nc3 Bxf3 7. Qxf3 exd5 8.
Bb5 Nge7 9. O-O O-O 10. a3 Bxc3 11. bxc3 Qd6 12. e4 dxe4 13. Qxe4 Nd5 14. Bb2
Rae8 15. Qf3 Re6 16. c4 Rh6 17. g3 Nb6 18. c5 Qd5 19. Qd3 Qh5 20. h4 Nd5 21.
Bc4 Nf4 22. Qd1 Qg6 23. Qf3 Rxh4 24. Rfe1 Nxd4 25. Bxd4 Nh3+ 26. Kg2 Rxd4 27.
Bxf7+ Qxf7 28. Qxf7+ Rxf7 29. Kxh3 Rxf2 30. Rab1 b6 31. cxb6 axb6 32. Re7 Rf7
33. Re8+ Rf8 34. Re7 Rc8 35. Rf1 Rd6 36. Rff7 Rh6+ 37. Kg2 c5 38. Rxg7+ Kh8 39.
Rb7 Rd8 40. Rgc7 Ra8 41. a4 Kg8 42. a5 bxa5 43. Rxc5 a4 44. Rcc7 Rh5 45. Ra7
Rxa7 46. Rxa7 Re5 47. Rxa4 Kf7 48. Ra7+ Kg6 49. Kf3 h5 50. Ra6+ Kg5 51. Ra4 Rd5
52. Rf4 Rd2 53. Rc4 Rd3+ 54. Kf2 Rd6 55. Ke3 Re6+ 56. Kf3 Rf6+ 57. Kg2 Rf5 58.
Kh3 Rd5 59. Rc8 Re5 60. Rg8+ Kf6 61. Kh4 Rd5 62. Rf8+ Kg6 63. Rg8+ Kh6 64. Rh8+
Kg6 65. Rg8+ Kh6 66. Rh8+ Kg6 67. Rg8+ Kh6 68. Rh8+ 68... Kg6 {
Game drawn by repetition} 1/2-1/2

[Event "ICS Rated blitz match"]
[Site "204.178.125.65"]
[Date "1999.08.04"]
[Round "?"]
[White "Hossa"]
[Black "libertad"]
[Result "1-0"]
[WhiteElo "2350"]
[BlackElo "2219"]
[PlyCount "53"]
[EventDate "1999.??.??"]

1. d4 d5 2. c4 c6 3. Nc3 Nf6 4. cxd5 cxd5 5. f3 Nc6 6. e4 dxe4 7. d5 Ne5 8.
fxe4 e6 9. Bf4 Bd6 10. Bb5+ Bd7 11. Bxd7+ Qxd7 12. Nge2 exd5 13. exd5 O-O 14.
Qd4 Rfe8 15. O-O Rac8 16. Kh1 Rc4 17. Qd2 Bb4 18. Bxe5 Bxc3 19. Bxc3 Qxd5 20.
Rad1 Qxd2 21. Rxd2 Ne4 22. Rd7 Nxc3 23. Nxc3 Rf4 24. Kg1 Rxf1+ 25. Kxf1 Rb8 26.
Nb5 a6 27. Nd6 {libertad resigns} 1-0

[Event "ICS rated blitz match"]
[Site "204.178.125.65"]
[Date "1999.08.04"]
[Round "?"]
[White "Hossa"]
[Black "libertad"]
[Result "1-0"]
[WhiteElo "2380"]
[BlackElo "2209"]
[PlyCount "43"]
[EventDate "1999.??.??"]

1. e4 e5 2. Nf3 Nf6 3. Bc4 Nxe4 4. d3 Nf6 5. Nxe5 d5 6. Bb3 Bd6 7. d4 Nbd7 8.
Bf4 O-O 9. O-O Re8 10. Re1 c5 11. Nxf7 Rxe1+ 12. Qxe1 Kxf7 13. Bxd6 c4 14. Bxc4
dxc4 15. c3 Nb6 16. Qe5 Be6 17. Nd2 Rc8 18. Re1 Qd7 19. Ne4 Nxe4 20. Rxe4 Rc6
21. Qf4+ Kg8 22. Qf8# {libertad checkmated} 1-0

[Event "ICS rated blitz match"]
[Site "204.178.125.65"]
[Date "1999.08.04"]
[Round "?"]
[White "libertad"]
[Black "Hossa"]
[Result "0-1"]
[WhiteElo "2200"]
[BlackElo "2389"]
[PlyCount "36"]
[EventDate "1999.??.??"]

1. c4 c6 2. d4 d5 3. Nf3 Bf5 4. Nc3 e6 5. Bf4 Qb6 6. Qb3 Bb4 7. e3 Nf6 8. Be2
O-O 9. c5 Qa5 10. O-O Nbd7 11. a3 Bxc3 12. bxc3 b6 13. cxb6 axb6 14. Ne5 Nxe5
15. Bxe5 Ne4 16. c4 Nd2 17. Qb4 Nxf1 18. Bxf1 18... Qxb4 {libertad resigns} 0-1

[Event "ICS rated blitz match"]
[Site "204.178.125.65"]
[Date "1999.08.04"]
[Round "?"]
[White "libertad"]
[Black "Hossa"]
[Result "0-1"]
[WhiteElo "2192"]
[BlackElo "2413"]
[PlyCount "60"]
[EventDate "1999.??.??"]

1. e4 c5 2. Nf3 e6 3. c3 d5 4. exd5 exd5 5. d4 Nd7 6. Bb5 cxd4 7. cxd4 Qa5+ 8.
Nc3 Bb4 9. Qe2+ Ne7 10. Bd2 O-O 11. O-O a6 12. Bxd7 Bxd7 13. a3 Bd6 14. b4 Qd8
15. Rfe1 Rc8 16. Rac1 Re8 17. Ne5 Ng6 18. f4 f6 19. Nxd5 fxe5 20. fxe5 Qh4 21.
Qd3 Bb8 22. Rxc8 Bxc8 23. Nb6 Ba7 24. Nxc8 Qxd4+ 25. Qxd4 Bxd4+ 26. Be3 Bxe3+
27. Rxe3 Rxc8 28. h3 Re8 29. e6 Nf4 30. Rc3 30... Ne2+ {libertad resigns} 0-1

[Event "ICS Rated blitz match"]
[Site "204.178.125.65"]
[Date "1999.08.04"]
[Round "?"]
[White "Hossa"]
[Black "libertad"]
[Result "1-0"]
[WhiteElo "2420"]
[BlackElo "2185"]
[PlyCount "75"]
[EventDate "1999.??.??"]

1. d4 Nf6 2. c4 e5 3. dxe5 Ng4 4. Nf3 Bc5 5. e3 Nc6 6. Be2 Ngxe5 7. Nxe5 Nxe5
8. O-O O-O 9. a3 a5 10. Nc3 d6 11. Qd5 c6 12. Qe4 Be6 13. Na4 Ba7 14. Rd1 f5
15. Qc2 Qh4 16. Rxd6 Rae8 17. Qc3 Ng4 18. Bxg4 Bb8 19. g3 Qxg4 20. Rd4 Qh3 21.
Rh4 Qxh4 22. gxh4 Rf6 23. Nc5 Bc8 24. Qxa5 f4 25. e4 Bh3 26. h5 g6 27. Qc3 Re5
28. Qxh3 Rg5+ 29. Kh1 Rxc5 30. Qc8+ Kg7 31. Qxb7+ Kh6 32. Qe7 Rxh5 33. Qxf6 Bc7
34. Bxf4+ Bxf4 35. Qf8+ Kg5 36. Rg1+ Kh4 37. Qxf4+ Kh3 38. Qg3# {
libertad checkmated} 1-0

[Event "ICS Rated blitz match"]
[Site "204.178.125.65"]
[Date "1999.08.04"]
[Round "?"]
[White "LambChop710"]
[Black "Hossa"]
[Result "1-0"]
[WhiteElo "2388"]
[BlackElo "2427"]
[PlyCount "53"]
[EventDate "1999.??.??"]

1. e4 c5 2. Nf3 Nc6 3. d4 cxd4 4. Nxd4 Nf6 5. Nc3 e5 6. Ndb5 Be7 7. Nd6+ Bxd6
8. Qxd6 Qb6 9. Bd3 Qb4 10. Qxb4 Nxb4 11. Bg5 O-O 12. Bxf6 gxf6 13. O-O-O f5 14.
Bc4 f4 15. Nb5 Nc6 16. Nd6 Nd4 17. c3 Ne6 18. g3 fxg3 19. hxg3 Rb8 20. Rh5 a6
21. Rdh1 Rd8 22. Rxh7 f5 23. Nxf5 d5 24. Ne7+ Kf8 25. Ng6+ Kg8 26. Re7 b5 27.
Rh8# {Hossa checkmated} 1-0

[Event "ICS rated blitz match"]
[Site "204.178.125.65"]
[Date "1999.08.05"]
[Round "?"]
[White "Hossa"]
[Black "populio"]
[Result "1-0"]
[WhiteElo "2409"]
[BlackElo "2141"]
[PlyCount "159"]
[EventDate "1999.??.??"]

1. d4 g6 2. c4 Bg7 3. e4 d6 4. Nc3 e5 5. d5 Nf6 6. f3 Nh5 7. Be3 O-O 8. g4 Nf4
9. Bxf4 exf4 10. Qd2 a5 11. O-O-O a4 12. Nb5 Bd7 13. Qxf4 Bxb5 14. cxb5 a3 15.
bxa3 Rxa3 16. Rd2 f5 17. gxf5 Qf6 18. Kd1 gxf5 19. Bc4 Qa1+ 20. Ke2 fxe4 21.
Qxe4 Qc3 22. Rc2 Qf6 23. Bd3 Qh6 24. Qe7 Qh5 25. Qe6+ Kh8 26. Rxc7 Rxa2+ 27.
Ke1 Re8 28. Rc8 Qh4+ 29. Kd1 Qa4+ 30. Bc2 Ra1+ 31. Ke2 Qxb5+ 32. Kf2 Qf1+ 33.
Kg3 Be5+ 34. Qxe5+ dxe5 35. Rxe8+ Kg7 36. Rxb8 Qb5 37. d6 Qc6 38. Be4 Qxd6 39.
Rxb7+ Kg8 40. Bxh7+ Kh8 41. Be4 Qh6 42. Rh7+ Qxh7 43. Bxh7 Kxh7 44. h4 Kh6 45.
Kg4 Rb1 46. Kf5 Rf1 47. Kxe5 Re1+ 48. Kf5 Rf1 49. h5 Ra1 50. f4 Ra5+ 51. Ke4
Ra1 52. Kd4 Rd1+ 53. Ke5 Re1+ 54. Kf5 Ra1 55. Kg4 Rb1 56. Kf3 Rb3+ 57. Ke4 Rb1
58. Ke5 Re1+ 59. Kf6 Ra1 60. f5 Ra6+ 61. Kf7 Ra7+ 62. Ke6 Ra6+ 63. Ke7 Ra7+ 64.
Kd6 Ra6+ 65. Ke5 Ra5+ 66. Kf4 Ra4+ 67. Kg3 Ra1 68. Kg4 Ra4+ 69. Kf3 Ra3+ 70.
Kf2 Ra5 71. f6 Rf5+ 72. Kg3 Rxf6 73. Nf3 Ra6 74. Kf4 Ra4+ 75. Kf5 Ra5+ 76. Ne5
Rb5 77. Rh3 Ra5 78. Rb3 Ra1 79. Ng4+ Kxh5 80. Rh3# {populio checkmated} 1-0

[Event "ICS rated blitz match"]
[Site "204.178.125.65"]
[Date "1999.08.05"]
[Round "?"]
[White "populio"]
[Black "Hossa"]
[Result "0-1"]
[WhiteElo "2135"]
[BlackElo "2415"]
[PlyCount "32"]
[EventDate "1999.??.??"]

1. e4 c5 2. Nf3 e6 3. d4 cxd4 4. Nxd4 d5 5. exd5 Qxd5 6. Nc3 Bb4 7. Be3 Bxc3+
8. bxc3 Bd7 9. Bd3 Qxg2 10. Rf1 e5 11. Nf3 Bg4 12. Be4 Nc6 13. Qd6 Bxf3 14. Bf5
Rd8 15. Qc7 Nge7 16. Bd3 16... Rd7 {populio resigns} 0-1

[Event "ICS rated blitz match"]
[Site "204.178.125.65"]
[Date "1999.08.05"]
[Round "?"]
[White "Hossa"]
[Black "wimpy"]
[Result "1-0"]
[WhiteElo "2425"]
[BlackElo "2054"]
[PlyCount "79"]
[EventDate "1999.??.??"]

1. d4 f5 2. c4 Nf6 3. Nc3 e6 4. e3 Be7 5. Bd3 O-O 6. Nge2 d6 7. O-O c6 8. b3
Nbd7 9. Bb2 Qa5 10. a3 c5 11. Rc1 a6 12. a4 Qc7 13. Nf4 Nb8 14. d5 e5 15. Nh5
e4 16. Bc2 Nbd7 17. Nf4 Ne5 18. Qe2 Qd8 19. Rcd1 Qe8 20. Ne6 Bxe6 21. dxe6 Qg6
22. Nd5 Nxd5 23. cxd5 Rac8 24. Bxe5 dxe5 25. d6 Qxe6 26. dxe7 Qxe7 27. f3 exf3
28. Qxf3 e4 29. Qh3 Qg5 30. Rd5 g6 31. Bxe4 Rce8 32. Rd7 h5 33. Bd5+ Kh8 34. e4
f4 35. Qc3+ Re5 36. Bxb7 Qf6 37. Bd5 g5 38. Qxc5 g4 39. Qc7 Qg6 40. Qxe5+ {
wimpy resigns} 1-0

[Event "ICS rated blitz match"]
[Site "204.178.125.65"]
[Date "1999.08.05"]
[Round "?"]
[White "mkarp"]
[Black "Hossa"]
[Result "0-1"]
[WhiteElo "2137"]
[BlackElo "2428"]
[PlyCount "40"]
[EventDate "1999.??.??"]

1. e4 c5 2. Nf3 e6 3. d4 cxd4 4. Nxd4 d5 5. exd5 Qxd5 6. Nc3 Bb4 7. Bb5+ Bd7 8.
O-O Bxc3 9. Bxd7+ Nxd7 10. bxc3 Ngf6 11. Ba3 Rc8 12. Qe2 Ne4 13. Nb5 Ndf6 14.
Rfd1 Qf5 15. f3 a6 16. Nd4 Nxc3 17. Qd2 Qd5 18. Re1 Nb5 19. Bb2 O-O 20. Nxb5
20... Qxd2 {mkarp resigns} 0-1

[Event "ICS rated blitz match"]
[Site "204.178.125.65"]
[Date "1999.08.05"]
[Round "?"]
[White "Hossa"]
[Black "mkarp"]
[Result "1-0"]
[WhiteElo "2433"]
[BlackElo "2132"]
[PlyCount "62"]
[EventDate "1999.??.??"]

1. d4 Nf6 2. c4 g6 3. Nc3 Bg7 4. e4 d6 5. f3 O-O 6. Be3 Nc6 7. Rb1 e5 8. d5 Ne7
9. b4 Nh5 10. g4 Nf4 11. h4 f5 12. exf5 gxf5 13. g5 Nh5 14. Nge2 f4 15. Bf2 Nf5
16. Ne4 a5 17. b5 b6 18. Rb3 a4 19. Ra3 Nfg3 20. N2xg3 Nxg3 21. Nxg3 fxg3 22.
Bxg3 e4 23. fxe4 Qe7 24. Bg2 Bd7 25. Qe2 Bb2 26. Qxb2 Bg4 27. Qc3 Rae8 28. Qd4
Bh5 29. Kd2 Rf7 30. Rg1 Ref8 31. Bh3 31... Rf6 {mkarp resigns} 1-0

[Event "ICS rated blitz match"]
[Site "204.178.125.65"]
[Date "1999.08.05"]
[Round "?"]
[White "Hossa"]
[Black "mkarp"]
[Result "0-1"]
[WhiteElo "2443"]
[BlackElo "2122"]
[PlyCount "106"]
[EventDate "1999.??.??"]

1. d4 Nf6 2. c4 g6 3. Nc3 Bg7 4. e4 d6 5. f3 O-O 6. Be3 Nc6 7. Rb1 e5 8. d5 Ne7
9. b4 Nh5 10. g4 Nf4 11. h4 f5 12. exf5 gxf5 13. g5 Nh5 14. Nge2 f4 15. Bf2 e4
16. Nxe4 Bf5 17. Qd2 Ng6 18. Rc1 Ne5 19. Qc3 Qe8 20. Bh3 Nxf3+ 21. Qxf3 Bxe4
22. Be6+ Qxe6 23. Qxh5 Qf5 24. Rh2 Bd3 25. Qf3 Rae8 26. Bg1 Be4 27. Qa3 f3 28.
Ng3 Qf4 29. Nxe4 Rxe4+ 30. Kd1 Rfe8 31. Rd2 Re1+ 32. Kc2 Qxc4+ 33. Kb1 Rxc1+
34. Qxc1 Qxb4+ 35. Kc2 Re4 36. Kd1 Rc4 37. Rc2 Qa4 38. h5 Bd4 39. Bxd4 Rxd4+
40. Ke1 Re4+ 41. Kf2 Rh4 42. Rxc7 Qd4+ 43. Qe3 Rh2+ 44. Kxf3 Rh3+ 45. Kg2 Rxe3
46. Rc8+ Kf7 47. Rc7+ Ke8 48. Rc8+ Kd7 49. Rc1 Qg4+ 50. Kf2 Qg3+ 51. Kf1 Qf4+
52. Kg2 Rg3+ 53. Kh1 53... Qh4# {Hossa checkmated} 0-1

[Event "ICS rated blitz match"]
[Site "204.178.125.65"]
[Date "1999.08.05"]
[Round "?"]
[White "mkarp"]
[Black "Hossa"]
[Result "0-1"]
[WhiteElo "2150"]
[BlackElo "2415"]
[PlyCount "82"]
[EventDate "1999.??.??"]

1. e4 c5 2. Nf3 e6 3. d4 cxd4 4. Nxd4 d5 5. Bb5+ Bd7 6. exd5 exd5 7. Qe2+ Ne7
8. O-O Qb6 9. Bxd7+ Nxd7 10. Be3 Qxb2 11. Nb5 Qxa1 12. Bd4 Qxa2 13. N1c3 Qb2
14. Nd6+ Kd8 15. Nxf7+ Kc8 16. Rb1 Qxb1+ 17. Nxb1 Rg8 18. Nd6+ Kc7 19. Nb5+ Kd8
20. N1c3 Nc6 21. Nxd5 Nxd4 22. Nxd4 Nc5 23. Qc4 Bd6 24. g3 Re8 25. Nf5 Bf8 26.
Qf4 Ne6 27. Qh4+ Kc8 28. Qxh7 b6 29. Qg6 Kd8 30. Qf7 Rc8 31. Qxa7 Bc5 32. Qa4
Rf8 33. Nfe3 Nd4 34. Qa7 Nf3+ 35. Kg2 Ne1+ 36. Kh3 Rc6 37. Kg4 Rg6+ 38. Kh5
Rh6+ 39. Kg5 Nf3+ 40. Kg4 Ne5+ 41. Kg5 41... Rg6+ {mkarp resigns} 0-1

[Event "ICS rated blitz match"]
[Site "204.178.125.65"]
[Date "1999.08.05"]
[Round "?"]
[White "Hossa"]
[Black "mkarp"]
[Result "1-0"]
[WhiteElo "2421"]
[BlackElo "2144"]
[PlyCount "79"]
[EventDate "1999.??.??"]

1. d4 Nf6 2. c4 g6 3. Nc3 Bg7 4. e4 d6 5. f3 O-O 6. Be3 Nc6 7. Rb1 e5 8. d5 Ne7
9. b4 Nh5 10. g4 Nf4 11. h4 f5 12. exf5 gxf5 13. g5 Nh5 14. Nge2 f4 15. Bf2 e4
16. Nxe4 Bf5 17. b5 Ng6 18. Qc2 Qe7 19. Kd1 Rae8 20. Kc1 Ne5 21. Nd4 Nxf3 22.
Nf6+ Rxf6 23. Nxf5 Rxf5 24. Qxf5 Nd4 25. Qd3 Ng3 26. Rh3 Nde2+ 27. Bxe2 Nxe2+
28. Kd2 Qe5 29. g6 hxg6 30. Re1 Qb2+ 31. Qc2 Qb4+ 32. Kd1 f3 33. Rxf3 Nc3+ 34.
Rxc3 Rxe1+ 35. Bxe1 Bxc3 36. Bxc3 Qxc4 37. Qxg6+ Kf8 38. Bg7+ Ke7 39. Qe6+ Kd8
40. Bf6# {mkarp checkmated} 1-0